Os 10 principais países em termos de casa própria - Statistics

Estatísticas Gerais
  • Esse quiz foi jogado 11 vezes
  • A pontuação média é 6 de 10
Estatísticas das Respostas
Resposta % Correto
Letónia
78%
Lituânia
78%
Croácia
67%
Estónia
67%
Polónia
67%
Romênia
67%
Bulgária
56%
Eslovénia
44%
Hungria
44%
Malta
11%
Nenhum quiz correspondente encontrado
Distribuição das Pontuações
Porcentagem de Pessoas com Cada Pontuação
Percentil de Números Respondidos
Sua Pontuação Histórica
Você não jogou esse quiz